| 000 | 00582nam a2200169 a 4500 | ||
|---|---|---|---|
| 001 | 1589 | ||
| 003 | CDMR | ||
| 005 | 20130503131800.0 | ||
| 008 | 130130s ||||||||||||||||||||||||||||d | ||
| 040 |
_aCDMR _bcat _cCDMR |
||
| 111 | 2 |
_aCongreso Iberoamericano de Periodistas Especializados y Técnicos _cBarcelona _d1983 _n2on _966 |
|
| 245 | 1 | 0 |
_aII Congreso Iberoamericano de Periodistas Especializados y Técnicos _bCIPET II. 1. Memoria 2. Ponencias y comunicaciones |
| 260 |
_aBarcelona _bCIPET |
||
| 300 |
_a2 v. ; _c23 cm |
||
| 650 | 0 | 4 |
_93330 _aPeriodisme especialitzat |
| 942 |
_cMON _2udc |
||
| 999 |
_c1589 _d1589 |
||